| 000 | 00584nam a22001937a 4500 | ||
|---|---|---|---|
| 999 |
_c7963 _d7963 |
||
| 003 | OSt | ||
| 005 | 20220809153821.0 | ||
| 008 | 220809b ||||| |||| 00| 0 eng d | ||
| 020 | _a9780530602257 | ||
| 040 | _cDDC | ||
| 082 | _a546 FRI 1920 | ||
| 100 |
_aFriend, J. Newton _916174 |
||
| 245 |
_aA text-book of inorganic chemistry Part 1 Cobalt: _bNickel and the Elements of the Plantinum G. |
||
| 260 |
_aPhiladelphia: _bCharles Griffin and company; _c1920. |
||
| 300 |
_axvii,367p.; _c24cm. |
||
| 504 | _aIncludes Index. | ||
| 650 |
_aInorganic chemistry. _9799 |
||
| 942 |
_2ddc _cBOOK |
||